Statistiques concernant Joueurs de foot par pays

Cliquez ici pour prendre le quiz!

Statistiques générales

  • Ce quiz a été pris 18 470 fois
  • Le résultat moyen est 18 sur 27

Statistiques - réponses

JoueurPays% Correct
Thierry HenryFrance
99%
Lionel MessiArgentine
99%
Gerd MüllerAllemagne
97%
PeléBrésil
95%
Luis SuárezUruguay
87%
Zlatan IbrahimovicSuède
86%
Wayne RooneyAngleterre
86%
Roberto BaggioItalie
82%
Gareth BalePays de Galles
81%
David VillaEspagne
81%
Johan CruyffPays-Bas
78%
Didier DrogbaCôte d'Ivoire
76%
James RodríguezColombie
69%
Andriy ShevchenkoUkraine
67%
Samuel Eto'oCameroun
64%
Arturo VidalChili
61%
Robbie KeaneIrlande
60%
Giorgos KaragounisGrèce
58%
EusébioPortugal
56%
Pavel NedvědRépublique tchèque
52%
George WeahLiberia
44%
George BestIrlande du Nord
44%
Davor ŠukerCroatie
43%
Kenny DalglishÉcosse
39%
Nwankwo KanuNigeria
32%
Mia HammEtats-Unis
27%
Doctor KhumaloAfrique du Sud
20%

Distribution des résultats

Percentile par nombre de réponses

% des personnes avec chaque résultat

Votre développement - résultats

Vous n’avez pas pris ce quiz